Privatización del ICE: llover sobre mojado

Guardado en:
Bibliografiske detaljer
Format: Texto
Tags: Tilføj Tag
Ingen Tags, Vær først til at tagge denne postø!

MARC

LEADER 00000 a a2200000 04500
001 1737
003
040
245 |a Privatización del ICE:   |b llover sobre mojado  
773 |g número 46; páginas 18-19  
999 |c 33803  |d 33803